000 nam a22 a 4500
999 _c447123
_d447123
003 BLK
005 20220304113221.0
008 220302b bu |||||r|||| 00| | bu d
040 _aBLK
041 _aENG
_cENG
080 _aГеография на България
_b913(497.2)
_x913(497.215)(062)
_z913(497.215)(062)
139 _aMunicipality of Rousse
_bM 95
245 _aMunicipality of Rousse
_h[Малотир. изд.]
260 _9441842
_aРусе
_bб. и.
_cб. г.
300 _a9 с.
_bс цв. ил.
_c30x15 см
380 _a91
651 7 _9179462
_aРусе
653 0 _9425514
_aброшури
653 7 _9198779
_aтуристическа информация
852 _bК
_cК 91/M 95
942 _cKNG
_n0
_s1
944 _aCR
_c2022-03-04
_kК.Д.